00583nam a2200169Ia 4500008004100000020003300041040001900074041001200093082002500105100001900130245014800149260003600297300002900333650000800362651002500370850001800395140110s9999 xx 000 0 und d a9788182743663cRs 1750 (set) aLoreto College aEnglish a341/RAObLCLIB/47178 aRao, S.V. Joga aLaw relating to Right to Informationb(A comprehensive and insightful commentary with comparative perspectives)Vol IcProf. (Dr.) S.V. Joga Rao aNew DelhibPentagon Pressc2009 a2 vols,xxiv,504p c24 cm aLaw aRight to Information aLCLIB/341/RAO